000 00688nam a2200265Ia 4500
005 20260302115048.0
008 008 260114s9999 xx 000 0 eng d
020 _a9780567048677
037 _aTextbook
040 _aCRL
040 _beng
040 _cCRL
041 _2eng
041 _aeng
084 _qCRL
100 _aAntoine de Montchrestien
_91120580
245 0 _aTwo Tragedies Hector and La Reine d'Escosse
260 _bBloomsbury
260 _bT&T Clark
260 _c2015
650 _aLiterary Studies
856 _uhttps://dx.doi.org/10.5040/9780567048677?locatt=label:secondary_bloomsburyCollections
942 _cEBOOK
999 _c1684819
_d1684819